000
00323nam a2200133Ia 4500
005
20251222155203.0
008
251222s9999||||xx |||||||||||||| ||spa||
082
_a
EPI. 19
100
_a
OPS/OMS.
245
0
_a
Sistemas Locales Proyecto Salud,medios ambientes
250
_a
1ra. ed.
264
_b
OPS/OMS
942
_c
LIB
999
_c
40020
_d
40020